Zdanenie dôchodkov a podobných opakujúcich sa príjmov

Dôchodky. Vyplácanie dôchodkov sociálnou poisťovňou zo základného fondu dôchodkového zabezpečenia. Dôchodky, podpory a iné požitky vyplácané z prostriedkov fondov a nadácií. Vyplácanie dôchodkov ako náhrada škody, resp. z poistenia zodpovednosti za škody. Dôchodky vyplácané súkromnými poisťovňami na...

ver descrição completa

Na minha lista:
Detalhes bibliográficos
Autor principal: Fekete, Imrich
Formato: Capítulo de Livro
Idioma:eslovaco
Assuntos:
Tags: Adicionar Tag
Sem tags, seja o primeiro a adicionar uma tag!

MARC

LEADER 00000naa a2200000 4500
001 r018220
005 20221213100226.2
041 0 |a slo 
044 |a SK 
245 1 0 |a Zdanenie dôchodkov a podobných opakujúcich sa príjmov  |c Imrich Fekete 
520 |a Dôchodky. Vyplácanie dôchodkov sociálnou poisťovňou zo základného fondu dôchodkového zabezpečenia. Dôchodky, podpory a iné požitky vyplácané z prostriedkov fondov a nadácií. Vyplácanie dôchodkov ako náhrada škody, resp. z poistenia zodpovednosti za škody. Dôchodky vyplácané súkromnými poisťovňami na základe zmluvy o dôchodkovom poistení a podľa Občianskeho zákonníka. 
610 2 0 |a dane 
610 2 0 |a dane z príjmov 
610 2 0 |a dôchodky 
610 2 0 |a zákonník občiansky 
610 2 0 |a poisťovne 
610 2 0 |a podpory 
100 1 |a Fekete, Imrich